01487 2200301 4500001002100000005001500021035002000036007000300056008004100059020002200100082001400122084002000136100002200156245010300178250003400281300003800315650002800353700002900381700002100410520061400431600001101045600002101056264002501077336002101102337003001123338002301153990000901176INLIS00000000000291620251103124405 a0010-1125000007ta251103 g f ind  a978-634-7031-06-8 a899.221 3 a899.221 3 GIG k0 aGigreyePengarang1 aKembali ke Batavia :bSurat untuk Jenaka 2 /cGigrey ; penyunting, Nara Lahmusi ; ilustrator, Erik aCetakan Pertama, Januari 2025 a451 halaman :bilustrasi ;c20 cm 4aFiksi Sejarah Indonesia0 aNara LahmusiePenyunting0 aErikeIlustrator aSetelah berhasil menavigasi perjalanan waktu dalam Surat untuk Jenaka, Jenaka kini hidup sebagai pengacara di masa kini. Namun, kedatangan Pram dari masa lalu melalui mesin waktu ciptaan Jati di Belanda mengubah segalanya. Saat mereka mulai menikmati hidup bersama, sebuah surat misterius dari masa lalu muncul melalui lemari tua milik Cantika. Surat itu meminta mereka kembali ke tahun 1930 untuk menyelamatkan para perempuan yang berada dalam bahaya. Petualangan ini membawa mereka ke Batavia lama, di mana mereka harus menghadapi konflik sejarah, dilema keluarga, dan ujian cinta yang menembus batas waktu. 4aGigrey 4aPerjalanan Waktu aDepok :bAkad,c2025 2rdacontentateks 2rdamediaatanpa perantara 2rdacarrieravolume a7425